000 00438nam a2200181Ia 4500
005 20251020182534.0
008 200515s9999 xx 000 0 und d
082 _a72.012/A90/2
245 0 _aBiblioteca Atrium de la Arquitectura actual : Viviendas
260 _aBarcelona
260 _c1987
300 _aEdiciones Atrium
500 _a1 ejemplar
650 _aARQUITECTURA
650 _aLIB
650 _aVIVIENDAS
942 _cLIB
999 _c2160
_d2160